| 000 | 01743cam a2200397 i 4500 | ||
|---|---|---|---|
| 001 | 23799244 | ||
| 003 | DLC | ||
| 005 | 20260119144527.0 | ||
| 007 | t| | ||
| 008 | 240726s2025 flua b 001 0 eng | ||
| 010 | _a 2024032289 | ||
| 020 |
_a9781032913414 _qhbk |
||
| 020 |
_a9781032913469 _qpbk |
||
| 020 |
_z9781003562726 _qebk |
||
| 040 |
_aDLC _beng _erda _cDLC _dDLC _dDLC-MRC _dDLC |
||
| 042 | _apcc | ||
| 050 | 0 | 0 |
_aQH313.5.F67 _bL5 2025 |
| 082 | 0 | 0 |
_a363.25/62 _223/eng/20241115 |
| 100 | 1 |
_aLi, Richard _eauthor _4aut _4http://id.loc.gov/vocabulary/relators/aut _0http://id.loc.gov/authorities/names/n2008002548 |
|
| 245 | 1 | 0 |
_aForensic biology / _cRichard Li. |
| 250 | _aThird edition. | ||
| 264 | 1 |
_aBoca Raton, FL : _bCRC Press/Taylor & Francis Group, _c2025. |
|
| 300 |
_axiii, 558 pages _billustrations (some color) _c27 cm |
||
| 336 |
_atext _btxt _2rdacontent |
||
| 337 |
_aunmediated _bn _2rdamedia |
||
| 338 |
_avolume _bnc _2rdacarrier |
||
| 340 | _0http://id.loc.gov/vocabulary/millus/ill | ||
| 504 | _aIncludes bibliographical references and index. | ||
| 650 | 0 |
_aForensic biology _0http://id.loc.gov/authorities/subjects/sh2006002547 |
|
| 650 | 0 |
_aForensic genetics _0http://id.loc.gov/authorities/subjects/sh86005931 |
|
| 650 | 0 |
_aForensic serology _0http://id.loc.gov/authorities/subjects/sh85050561 |
|
| 776 | 1 |
_iOnline version _4http://id.loc.gov/entities/relationships/onlineversion _aLi, Richard _tForensic biology _b3rd edition _dBoca Raton, FL: CRC Press, 2025 _w(DLC) 2024032290 _z9781003562726 _z9781032913414 _z9781032913469 |
|
| 906 |
_a7 _bcbc _corignew _d1 _eecip _f20 _gy-gencatlg |
||
| 942 |
_2lcc _cBK |
||
| 999 |
_c21080 _d21079 |
||